000
00221nam a22000857a 4500
008
161213b xxu||||| |||| 00| 0 eng d
100
_9
2043
_a
Dhillon.D.P.etal.
245
_a
General Foundation-XI
260
_a
New Delhi
_b
APC
_c
2014
999
_c
4917
_d
4917